Prostor a místo : Architektura na území České republiky 1989-2014 /

Salvato in:
Dettagli Bibliografici
Autore principale: Tichá, Jana (Autore)
Natura: Libro
Lingua:ceco
Pubblicazione: Praha : Zlatý řez, o.s., 2015
Edizione:1. vydanie
Soggetti:
Tags: Aggiungi Tag
Nessun Tag, puoi essere il primo ad aggiungerne!!

MARC

LEADER 00000nam a22000003a 4500
001 0032399
003 SK-STU
005 20190325172558.7
007 ta
008 180418s ----xo-----e------000-0-----d
020 |a 978-80-88033-01-1 
040 |a STU  |b slo 
041 0 |a cze 
044 |a xr 
100 1 |a Tichá, Jana  |4 aut 
245 1 0 |a Prostor a místo :  |b Architektura na území České republiky 1989-2014 /  |c aut. Jana Tichá 
250 |a 1. vydanie 
260 |a Praha :  |b Zlatý řez, o.s.,  |c 2015 
300 |a 191 s. 
650 0 7 |a architektúra česká 
650 0 7 |a Česká republika 
650 0 7 |a postmoderná architektúra 
650 0 7 |a supermodernizmus 
996 |b 284AU07360  |c A* 10589/U  |l AAKNST  |s P  |a 0  |w 0032399_0001